00397nam a2200145Ia 4500003000400000008004100004040001600045082001800061100002400079245004300103260005600146300000800202490000500210650003600215GCL140319s9999 xx 000 0 ara d aGCL / cGCL04a823.03bس م1 aسومرست هوم10aالمأزق / cسومرست هوم a[S.N] : bالمكتبة الثقافية ، c1990 a215 a04aالقصص الانجليزية